|
|
|
|
| LEADER |
01018nam a2200277 4500 |
| 001 |
DLU090103773 |
| 005 |
##20130306 |
| 040 |
# |
# |
|a DLU
|b vie
|
| 041 |
# |
# |
|a vie
|
| 044 |
# |
# |
|a vn
|
| 100 |
# |
# |
|a Nguyễn Văn Khánh,
|c PGS.TS.
|
| 245 |
# |
# |
|a Phong trào Đông Du trong tiếng trình cách mạng giải phóng dân tộc Việt Nam và trong quan hệ văn hóa, giáo dục Việt Nam - Nhật Bản /
|c Nguyễn Văn Khánh, Nguyễn Văn Sửu.
|
| 653 |
# |
# |
|a Đào tạo nhân tài
|
| 653 |
# |
# |
|a Giải phóng dân tộc
|
| 653 |
# |
# |
|a Phong trào Đông Du
|
| 700 |
# |
# |
|a Nguyễn Văn Sửu,
|c TS.
|
| 773 |
# |
# |
|t Tạp chí Khoa học Xã hội và nhân văn (Đại học Quốc gia Hà Nội)
|g Số 4(21), 2005, tr. 1-11
|
| 920 |
# |
# |
|a Phòng Tạp chí -- Trung tâm Thông tin - Thư viện Trường Đại học Đà Lạt
|
| 994 |
# |
# |
|a DLU
|
| 900 |
# |
# |
|a True
|
| 911 |
# |
# |
|a Nguyễn Thị Linh Chi
|
| 925 |
# |
# |
|a G
|
| 926 |
# |
# |
|a A
|
| 927 |
# |
# |
|a BB
|
| 980 |
# |
# |
|a Thư viện Trường Đại học Đà Lạt
|